<?xml version="1.0" encoding="UTF-8"?>
<record
    xmlns:xsi="http://www.w3.org/2001/XMLSchema-instance"
    xsi:schemaLocation="http://www.loc.gov/MARC21/slim http://www.loc.gov/standards/marcxml/schema/MARC21slim.xsd"
    xmlns="http://www.loc.gov/MARC21/slim">

  <leader>01710nam a22001337a 4500</leader>
  <datafield tag="999" ind1=" " ind2=" ">
    <subfield code="c">532850</subfield>
    <subfield code="d">532850</subfield>
  </datafield>
  <controlfield tag="008">260323b           ||||| |||| 00| 0 eng d</controlfield>
  <datafield tag="100" ind1=" " ind2=" ">
    <subfield code="a"> Jha, Murari Kumar</subfield>
    <subfield code="9">59844</subfield>
  </datafield>
  <datafield tag="245" ind1=" " ind2=" ">
    <subfield code="a"> Sugar in eastern India: Commercial agriculture and the Indian Ocean trade, c. 1600&#x2013;1800</subfield>
  </datafield>
  <datafield tag="260" ind1=" " ind2=" ">
    <subfield code="a">The Indian Economic and Social History Review  </subfield>
  </datafield>
  <datafield tag="300" ind1=" " ind2=" ">
    <subfield code="a">62(4), Oct-Dec, 2025: p.481-506</subfield>
  </datafield>
  <datafield tag="520" ind1=" " ind2=" ">
    <subfield code="a">Eastern India, particularly Bengal and to some extent northeast Andhra Pradesh, was a major hub in the Indian Ocean sugar trade. The fertile and well-watered areas of this vast region were able to meet the growing demand for sugar in the intra-Asian trade. Although sugar exports from Bengal began to decline in the second half of the eighteenth century, it continued to be consumed both locally and regionally. Little is known about the role of eastern India in the early modern regional and overseas sugar trade. This article makes a modest contribution to the region&#x2019;s experience of commercial agriculture by describing sugarcane cultivation, sugar production and trade. It explains why the sugar export trade became marginal and how regional consumption remained resilient in the late eighteenth century. It sheds light on the region&#x2019;s participation in intra-Asian trade, sugarcane cultivation and sugar production practices using data from the Dutch East India Company archives and other early colonial documents.- Reproduced 


https://journals.sagepub.com/doi/full/10.1177/00194646251386190?_gl=1*7mi147*_up*MQ..*_ga*NjYzMzA2NDEyLjE3NzQyNTk1MTg.*_ga_60R758KFDG*czE3NzQyNTk1MTgkbzEkZzEkdDE3NzQyNTk1MzQkajQ0JGwwJGgzNzA1ODI3Mg..</subfield>
  </datafield>
  <datafield tag="773" ind1=" " ind2=" ">
    <subfield code="a">The Indian Economic and Social History Review  </subfield>
  </datafield>
  <datafield tag="942" ind1=" " ind2=" ">
    <subfield code="c">AR</subfield>
  </datafield>
  <datafield tag="952" ind1=" " ind2=" ">
    <subfield code="0">0</subfield>
    <subfield code="1">0</subfield>
    <subfield code="2">ddc</subfield>
    <subfield code="4">0</subfield>
    <subfield code="7">0</subfield>
    <subfield code="9">408028</subfield>
    <subfield code="a">IIPA</subfield>
    <subfield code="b">IIPA</subfield>
    <subfield code="d">2026-03-23</subfield>
    <subfield code="h">62(4), Oct-Dec, 2025: p.481-506</subfield>
    <subfield code="p">AR138369</subfield>
    <subfield code="r">2026-03-23</subfield>
    <subfield code="y">AR</subfield>
  </datafield>
</record>
